Filme erraten mit Bildern - Buchstabe L - Statistiken

Allgemein
  • Dieses Quiz wurde 52 mal gespielt
  • Das Durchschnittsergebnis liegt bei 5 aus 16
Antwortstatistiken
Bildquiz Antwort % Korrekt
Lego Movie
89%
Das Leben des Brian
66%
Life of Pi
55%
Lawrence von Arabien
51%
Lethal Weapon
47%
Lightyear
43%
Liebling, ich habe die Kinder geschrumpft
30%
Lucy
23%
Leprechaun
21%
Das letzte Einhorn
15%
Late Night with the Devil
6%
Lucky # Slevin
6%
Legende
4%
Little Nicky
4%
Love Vegas
2%
Lieblingsfeinde - Eine Seifenoper
0%
Keine übereinstimmenden Quizze gefunden
Verteilung der Resultate
Anzahl Personen mit jedem Resultat
Perzentil nach korrekt beantworteten Fragen
Ihre Resultats-Entwicklung
Sie haben dieses Quiz noch nicht gespielt